=LDR 00000nam 2200000 4500 =001 001156 =005 20250710113457 =035 ##$$a 0010-0725000029 =007 ta =008 250710################a##########0#ind## =020 ##$$a 978-623-307-187-1 =082 ##$$a 398.245 598 =084 ##$$a 398.245 598 SAL j =100 #$$a Salma Intifada =245 1#$$a Jangan Dekat-Dekat! /$c Salma Intifada =250 ##$$a Cetakan Pertama =260 ##$$a Jakarta Timur :$b Badan Pengembangan dan Pembinaan Bahasa,$c 2022 =300 ##$$a 24 : $b ilus. ; $c 29,7 cm =650 #4$$a Literasi-Bahan Bacaan =600 #4$$a Cerita anak - Fabel =856 ##$$a TBM AS SUHADA